000
00312nam a2200121Ia 4500
008
210428s9999 xx 000 0 und d
082
_a
543 H254 E
100
_a
Daniel C.Harris
_9
52173
245
0
_a
Exploring Chemical Analysis
260
_b
W.H.Freeman Company
_a
New york
_c
2001
300
_a
607p
942
_c
BK
999
_c
560045
_d
560045